Νεοελληνική παιδεία και πλύση εγκεφάλου : κριτική της κοσμοεικόνας της Νεοελληνικής Παιδείας
Αποθηκεύτηκε σε:
| Κύριος συγγραφέας: | |
|---|---|
| Μορφή: | Βιβλίο |
| Γλώσσα: | Greek |
| Δημοσίευση: |
Αθήνα :
Gutenberg,
1986
|
| Σειρά: | Παιδαγωγική σειρά
|
| Θέματα: | |
| Ετικέτες: |
Προσθήκη ετικέτας
Δεν υπάρχουν, Καταχωρήστε ετικέτα πρώτοι!
|
MARC
| LEADER | 00000nam a2200000 i 4500 | ||
|---|---|---|---|
| 001 | 1/74411 | ||
| 008 | 960514s1986 gre d | ||
| 035 | |a 1989 |b 2 |c Δωρεά |l 10031801 | ||
| 040 | |a GR-MY-UA |b gre |e aacr | ||
| 041 | 0 | |a gre | |
| 082 | 0 | |a 370.109495 | |
| 100 | 1 | |a Χαραλαμπόπουλος, Κώστας. | |
| 245 | 1 | 0 | |a Νεοελληνική παιδεία και πλύση εγκεφάλου : |b κριτική της κοσμοεικόνας της Νεοελληνικής Παιδείας / |c Κώστα Χαραλαμπόπουλου |
| 260 | |a Αθήνα : |b Gutenberg, |c 1986 | ||
| 300 | |a 85 σ. | ||
| 490 | 1 | |a Παιδαγωγική σειρά | |
| 650 | 0 | 0 | |a Education |z Greece |x Philosophy. |
| 830 | 0 | |a Παιδαγωγική σειρά | |
| 852 | |a INST |b RHODES |e 19960514 |h 370.109495 ΧΑΡ |p 005400002054 |q 005400002054 |t BK |y 0 | ||
| 909 | |a Ρ |b 014714 |c 1989 | ||